European Business / Text and Cases (Record no. 1189)
[ view plain ]
| 000 -LEADER | |
|---|---|
| fixed length control field | 01398cam a22002054a 4500 |
| 005 - ΗΜΕΡΟΜΗΝΙΑ ΚΑΙ ΩΡΑ ΤΕΛΕΥΤΑΙΑΣ ΕΝΗΜΕΡΩΣΗΣ | |
| Πεδίο ελέγχου | 20250605164001.0 |
| 008 - FIXED-LENGTH DATA ELEMENTS--GENERAL INFORMATION | |
| Πεδίο ελέγχου σταθερού μήκους | 250528s ||||||||||||||||||||||||d |
| 035 ## - SYSTEM CONTROL NUMBER | |
| System control number | 15620 |
| 020 ## - ISBN | |
| ISBN | 750618361 |
| 040 ## - ΠΗΓΗ ΚΑΤΑΛΟΓΟΓΡΑΦΗΣΗΣ | |
| Φορέας πρωτότυπης καταλογογράφησης | MC Athens Campus Library |
| Γλώσσα καταλογογράφησης | Ελληνικά, Μοντέρνα (1453-) |
| Modifying agency | MC Athens Campus Library |
| Κανόνες περιγραφικής καταλογογράφησης | AACR2 |
| 245 1# - ΤΙΤΛΟΣ ΚΑΙ ΔΗΛΩΣΗ ΥΠΕΥΘΥΝΟΤΗΤΑΣ | |
| Τίτλος | European Business / Text and Cases |
| 260 ## - PUBLICATION, DISTRIBUTION, ETC. | |
| Name of publisher, distributor, etc. | Butterworth Heinemann, |
| Date of publication, distribution, etc. | 1994 |
| 300 ## - PHYSICAL DESCRIPTION | |
| Extent | 288 |
| 520 ## - SUMMARY, ETC. | |
| Summary, etc. | A lively and comprehensive coverage of the subject for undergraduate and BTEC higher students combining text and cases in one book. Preface, Acknowledgements, Introduction, Introducing the European Business Environment, Making the Community Work, The Single Market after 1992, Regulating Competition in the EC, The European Community and External Relations: The Rise of a New Trading Superpower?, The EC Coal Industry: Into the Twenty-First Century, The European Community's Environmental Management and Audit Scheme, The ''Myth'' of the Level Playing Field: The Case of Contested Takeovers within the EC, Restructuring the Steel Industry in the European Community, EC Tourism: The Case of Euro Disneyland, European Collaboration in Aircraft Manufacture, The European Plastics Industry: Responding to Change, The European Car Market, Satellite Broadcasting: A Missed Opportunity for the SEM?, Index. |
| 700 1# - ΠΡΟΣΘΕΤΗ ΑΝΑΓΡΑΦΗ--ΦΥΣΙΚΟ ΠΡΟΣΩΠΟ | |
| Personal name | Barnes Ian |
| 9 (RLIN) | 1584 |
| 700 1# - ΠΡΟΣΘΕΤΗ ΑΝΑΓΡΑΦΗ--ΦΥΣΙΚΟ ΠΡΟΣΩΠΟ | |
| Personal name | Davison Leigh |
| 9 (RLIN) | 1585 |
| 942 ## - ADDED ENTRY ELEMENTS (KOHA) | |
| Koha item type | Books |
| Τύπος τεκμηρίου | Βιβλιοθήκη | Τρέχουσα τοποθεσία | Barcode | Αριθμός εισαγωγής | Ημερομηνία απόκτησης | Ταξιθετικό σύμβολο | Αριθμός αντιτύπου | Κατάσταση απόσυρσης | Κατάσταση χαμένου | Κατάσταση κατεστραμμένου | Μη δανεισμός | Σύνολο δανεισμών | Ημερομηνία τελευταίας εμφάνισης | Η τιμή ισχύει από |
|---|---|---|---|---|---|---|---|---|---|---|---|---|---|---|
| Books | MC Athens Campus Library | MC Athens Campus Library | 9780000011886 | 1968 | 05/06/2025 | 337.14 BAR | 1 | 05/06/2025 | 05/06/2025 |